[Event "Reykjavik Open 2026"]
[Site "Reykjavik ISL"]
[Date "2026.03.30"]
[Round "8.35"]
[White "Manish Anto, Cristiano F"]
[Black "Kamp, Adrian"]
[Result "1-0"]
[WhiteTitle "IM"]
[WhiteElo "2384"]
[BlackElo "2136"]
[WhiteFideId "25095927"]
[BlackFideId "16222466"]
[EventDate "2026.03.25"]

1. e4 c5 2. Nf3 Nc6 3. Bb5 Nf6 4. e5 Nd5 5. Nc3 Nc7 6. Bxc6 dxc6 7. Ne4 Bg4 8.
Nxc5 Qd5 9. d4 O-O-O 10. Be3 f6 11. h3 Bxf3 12. Qxf3 fxe5 13. dxe5 Qxe5 14. Nd3
Qa5+ 15. b4 Qa4 16. O-O e6 17. Rfc1 Be7 18. a3 Rhf8 19. Qe4 Rf5 20. Nb2 Qb5 21.
Bxa7 Re5 22. Qxe5 Qxe5 23. Nc4 Qb5 24. Nb6+ Qxb6 25. Bxb6 Bf6 26. Rab1 Rd2 27.
Be3 1-0

[Event "Reykjavik Open 2026"]
[Site "Reykjavik ISL"]
[Date "2026.03.30"]
[Round "8.36"]
[White "Li, Harry"]
[Black "Kurmann, Oliver"]
[Result "1/2-1/2"]
[BlackTitle "IM"]
[WhiteElo "2181"]
[BlackElo "2382"]
[WhiteFideId "430145"]
[BlackFideId "1308173"]
[EventDate "2026.03.25"]

1. d4 d5 2. c4 e6 3. Nc3 Nf6 4. Nf3 c6 5. Bg5 h6 6. Bxf6 Qxf6 7. e3 Nd7 8. Bd3
g6 9. O-O Bg7 10. cxd5 exd5 11. b4 a6 12. a4 O-O 13. b5 a5 14. Rb1 Rd8 15. Qc2
Nf8 16. Rfc1 Qe7 17. Ne2 Bd7 18. bxc6 bxc6 19. Nd2 Rdb8 20. Rxb8 Rxb8 21. Nb3
Qd8 22. Nc5 Be8 23. Rb1 Nd7 24. Na6 1/2-1/2

[Event "Reykjavik Open 2026"]
[Site "Reykjavik ISL"]
[Date "2026.03.30"]
[Round "8.37"]
[White "Ornolfsson, Magnus P."]
[Black "Soderstrom, Adrian"]
[Result "0-1"]
[WhiteTitle "CM"]
[BlackTitle "FM"]
[WhiteElo "2160"]
[BlackElo "2374"]
[WhiteFideId "2301016"]
[BlackFideId "1745786"]
[EventDate "2026.03.25"]

1. d4 d5 2. Nf3 Nf6 3. Bf4 c5 4. e3 Nc6 5. c3 Qb6 6. b3 g6 7. h3 Bg7 8. Bd3 O-O
9. Nbd2 Nd7 10. O-O e5 11. dxe5 Ndxe5 12. Nxe5 Nxe5 13. Bxe5 Bxe5 14. Rc1 Bg7
15. c4 Be6 16. cxd5 Bxd5 17. Qc2 Rac8 18. Be4 Rfd8 19. Rfd1 Be6 20. Nc4 Qc7 21.
a4 b6 22. Rxd8+ Rxd8 23. Rd1 Rd7 24. Rxd7 Qxd7 25. Qd3 Qxd3 26. Bxd3 Bc3 27. Kf1
Kf8 28. Ke2 Ke7 29. Be4 Kd7 30. f4 f5 31. Bf3 Kc7 32. Kd3 Bf6 33. Kc2 a6 34. g4
b5 35. axb5 axb5 36. Nd2 Kb6 37. e4 h6 38. exf5 gxf5 39. Nb1 c4 40. bxc4 bxc4
41. Nc3 Kc5 42. Ne2 Bd7 43. Ng3 fxg4 44. hxg4 Ba4+ 45. Kc1 Kd4 46. Nf5+ Kd3 47.
Nd6 c3 48. Ne4 Be7 49. Nxc3 Kxc3 50. g5 Bc2 0-1

[Event "Reykjavik Open 2026"]
[Site "Reykjavik ISL"]
[Date "2026.03.30"]
[Round "8.38"]
[White "Tsatsalashvili, Keti"]
[Black "Nedin, Danylo"]
[Result "1-0"]
[WhiteTitle "WGM"]
[WhiteElo "2305"]
[BlackElo "1909"]
[WhiteFideId "13603434"]
[BlackFideId "14195887"]
[EventDate "2026.03.25"]

1. d4 e6 2. c4 b6 3. Nc3 Bb7 4. a3 Nf6 5. Bg5 Be7 6. Nf3 d6 7. Qc2 c5 8. Rd1
cxd4 9. Nxd4 a6 10. e3 Nc6 11. Nf3 O-O 12. Be2 Qc7 13. O-O h6 14. Bh4 Rfd8 15.
Na4 Rab8 16. b4 Rbc8 17. Rc1 Ne5 18. Nxe5 dxe5 19. Nc3 Qb8 20. Qb2 Qa8 21. f3 e4
22. f4 Rd7 23. Rfd1 Rcd8 24. Qc2 g5 25. Bg3 Ne8 26. Na4 Qa7 27. Rxd7 Rxd7 28. c5
bxc5 29. Nxc5 Bxc5 30. bxc5 Bc6 31. fxg5 hxg5 32. Qc3 Nc7 33. Qe5 f5 34. Qf6 g4
35. Be5 Bd5 36. Qh8+ Kf7 37. Bxg4 1-0

[Event "Reykjavik Open 2026"]
[Site "Reykjavik ISL"]
[Date "2026.03.30"]
[Round "8.39"]
[White "Mintz, Nathan"]
[Black "Sayce, Hannah"]
[Result "0-1"]
[BlackTitle "WCM"]
[WhiteElo "1708"]
[BlackElo "1889"]
[WhiteFideId "30995540"]
[BlackFideId "3250695"]
[EventDate "2026.03.25"]

1. d4 Nf6 2. c4 e6 3. Nc3 c5 4. d5 exd5 5. cxd5 d6 6. e4 g6 7. h3 Bg7 8. Be3 O-O
9. f3 Re8 10. Nge2 Qa5 11. Qd2 b5 12. g4 b4 13. Nd1 Nbd7 14. Ng3 Ne5 15. Be2 Ba6
16. f4 Nc4 17. Bxc4 Bxc4 18. Nf2 Nxd5 19. exd5 Bc3 20. bxc3 bxc3 21. Qc1 c2+ 22.
Qd2 Rxe3+ 23. Ne2 Rxe2+ 24. Kf1 Qxd2 0-1

[Event "Reykjavik Open 2026"]
[Site "Reykjavik ISL"]
[Date "2026.03.30"]
[Round "8.40"]
[White "Kristinsson, Magnus"]
[Black "Kadovic, Tamara"]
[Result "1-0"]
[WhiteElo "1801"]
[BlackElo "1602"]
[WhiteFideId "2305682"]
[BlackFideId "16512065"]
[EventDate "2026.03.25"]

1. e4 e5 2. d4 exd4 3. Qxd4 Nc6 4. Qe3 Bb4+ 5. Nc3 d6 6. Bd2 Be6 7. O-O-O Nge7
8. f4 f6 9. Nf3 Bc5 10. Qe1 Bg4 11. Bc4 Qd7 12. e5 fxe5 13. fxe5 d5 14. Bg5 Bxf3
15. gxf3 d4 16. Ne4 Qf5 17. Nxc5 Qxg5+ 18. Kb1 Qxe5 19. Ne6 Qd6 20. Nxg7+ Kd8
21. Ne6+ Ke8 22. f4 Kd7 23. Qe4 Rae8 24. Ng7 Ref8 25. Be6+ Kd8 26. Rhf1 Rf6 27.
f5 Rhf8 28. c3 Nxf5 29. Rxf5 Rxf5 30. Bxf5 Rg8 31. Ne6+ Kc8 32. Nxd4+ Kb8 33.
Nxc6+ Qxc6 34. Qxc6 bxc6 35. h3 h6 36. Rd7 Rg5 37. Rf7 h5 38. Kc2 Kb7 39. b4
Rg2+ 40. Kb3 Kb6 41. a4 Rg5 42. Rf8 c5 43. Rf6+ Kb7 44. b5 Rg3 45. a5 a6 46.
Rxa6 h4 47. Be4+ Kc8 48. Rh6 Kd7 49. Rxh4 Kd6 50. a6 c6 51. Bxc6 Rg7 52. Rh6+
Kc7 53. a7 Rh7 54. Rxh7+ Kb6 55. Rb7+ Ka5 56. a8=Q# 1-0

[Event "Reykjavik Open 2026"]
[Site "Reykjavik ISL"]
[Date "2026.03.30"]
[Round "8.41"]
[White "Birkisson, Bardur Orn"]
[Black "Williams, Simon K"]
[Result "0-1"]
[WhiteTitle "FM"]
[BlackTitle "GM"]
[WhiteElo "2207"]
[BlackElo "2443"]
[WhiteFideId "2310597"]
[BlackFideId "404454"]
[EventDate "2026.03.25"]

1. d4 f5 2. Nc3 Nf6 3. Bg5 d5 4. e3 e6 5. Nf3 Be7 6. Bd3 O-O 7. Ne2 c5 8. c4 b5
9. b3 Ba6 10. cxb5 Bxb5 11. Bxb5 Qa5+ 12. Nd2 Qxb5 13. O-O Qd7 14. Nf3 Nc6 15.
Rc1 cxd4 16. Nexd4 Nxd4 17. Qxd4 Rac8 18. Ne5 Qb7 19. Qa4 Bd6 20. Bxf6 gxf6 21.
Qd7 Qxd7 22. Nxd7 Rfd8 23. Nxf6+ Kf7 24. Nh5 Ba3 25. Rcd1 Rc2 26. Rd4 e5 27. Ra4
Bc5 28. Ra6 Rd6 29. Rxd6 Bxd6 30. Ng3 Ke6 31. Nh5 Rxa2 32. Ng7+ Kf6 33. Ne8+ Ke7
34. Nxd6 Kxd6 35. h3 h5 36. g4 hxg4 37. hxg4 fxg4 38. Kg2 Ke6 39. Kg3 Kf5 40.
Rh1 d4 41. exd4 exd4 42. Rh7 Ke4 43. Rg7 Kd3 44. Rxg4 Kc3 45. Re4 d3 46. Kf3
Kxb3 47. Re7 a5 48. Rb7+ Kc3 49. Ke3 Re2+ 50. Kf3 Re6 51. Rc7+ Kb2 52. Rb7+ Kc2
53. Rc7+ Kd1 54. Ra7 Re5 55. Kf4 Rb5 0-1

[Event "Reykjavik Open 2026"]
[Site "Reykjavik ISL"]
[Date "2026.03.30"]
[Round "8.42"]
[White "Perchard, Matthew"]
[Black "Kristinsson, Ogmundur"]
[Result "0-1"]
[WhiteElo "1787"]
[BlackElo "1996"]
[WhiteFideId "343404235"]
[BlackFideId "2304724"]
[EventDate "2026.03.25"]

1. e4 e5 2. Nf3 Nc6 3. d4 exd4 4. Nxd4 Qh4 5. Nc3 Bb4 6. Be2 Nge7 7. Nb5 Ba5 8.
O-O a6 9. g3 Qf6 10. Nd5 Nxd5 11. exd5 axb5 12. dxc6 dxc6 13. Bd3 Be6 14. Qh5 h6
15. Bf4 g5 16. Be3 O-O-O 17. b3 Rhe8 18. Be2 Bc3 19. Rad1 Kb8 20. Rxd8+ Rxd8 21.
Rd1 Rxd1+ 22. Bxd1 Bd4 23. Qf3 Qe5 24. Bxd4 Qxd4 25. Qd3 Qa1 26. Kf1 Bg4 27. Ke1
b6 28. f3 Be6 29. Kd2 Qxa2 30. Qh7 Bxb3 31. Qxh6 Qa5+ 32. Kc1 Qa1+ 33. Kd2 Qd4+
34. Kc1 Qe3+ 35. Kb2 Bd5 36. Qh8+ Kb7 37. Qc3 Qf2 38. Qf6 Qd2 39. h4 gxh4 40.
gxh4 Qxd1 41. h5 Qxf3 42. Qh4 Be4 43. Qh2 b4 44. h6 Qc3+ 45. Kc1 b3 46. h7 Bxh7
47. Qxh7 Qxc2+ 48. Qxc2 bxc2 0-1

[Event "Reykjavik Open 2026"]
[Site "Reykjavik ISL"]
[Date "2026.03.30"]
[Round "8.43"]
[White "Balabayeva, Xeniya"]
[Black "Hammari, Vinjar"]
[Result "1-0"]
[WhiteTitle "WGM"]
[BlackTitle "FM"]
[WhiteElo "2365"]
[BlackElo "2135"]
[WhiteFideId "13719688"]
[BlackFideId "1552007"]
[EventDate "2026.03.25"]

1. d4 d5 2. c4 dxc4 3. Nf3 Nf6 4. e3 Be6 5. Nbd2 c5 6. Bxc4 Bxc4 7. Nxc4 e6 8.
O-O Qd5 9. Qb3 Nbd7 10. Rd1 Be7 11. dxc5 Qxc5 12. Qxb7 O-O 13. b3 Rfb8 14. Qa6
Qh5 15. Ba3 Nc5 16. Qa5 Rc8 17. Rac1 Nd5 18. Nce5 Nb7 19. Rxc8+ Rxc8 20. Qa6
Bxa3 21. Qxb7 Rf8 22. Qxa7 Bd6 23. Qd4 Rc8 24. Nc4 Bb4 25. a3 Bc5 26. Qd3 f6 27.
h3 f5 28. b4 1-0

[Event "Reykjavik Open 2026"]
[Site "Reykjavik ISL"]
[Date "2026.03.30"]
[Round "8.44"]
[White "Pagan, Jonathan"]
[Black "Guo, Ethan"]
[Result "0-1"]
[BlackTitle "FM"]
[WhiteElo "2159"]
[BlackElo "2364"]
[WhiteFideId "30903017"]
[BlackFideId "30976359"]
[EventDate "2026.03.25"]

1. d4 Nf6 2. c4 e6 3. g3 d5 4. Nf3 dxc4 5. Bg2 a6 6. O-O Nc6 7. Qd2 Rb8 8. Ne5
Nxe5 9. dxe5 Nd7 10. Rd1 Be7 11. Qf4 O-O 12. Nc3 b5 13. Be3 Bb7 14. Bxb7 Rxb7
15. Ne4 Qc8 16. Ng5 h6 17. Nf3 Bc5 18. Bd2 f5 19. Qh4 Rf7 20. a4 Be7 21. Qh5 Nf8
22. axb5 axb5 23. Nh4 Bxh4 24. Qxh4 Ng6 25. Qh5 Nxe5 26. Bxh6 gxh6 27. Qxh6 Rb8
28. Rd4 Ng4 29. Qh5 Rh7 30. Qg5+ Rg7 31. Qh4 Qf8 32. Rad1 Nf6 33. Kf1 Nd5 34. e4
fxe4 35. Rxe4 Qf5 36. Rde1 Rh7 0-1

[Event "Reykjavik Open 2026"]
[Site "Reykjavik ISL"]
[Date "2026.03.30"]
[Round "8.45"]
[White "Thorfinnsson, Bjorn"]
[Black "Lilliehook, Victor"]
[Result "1-0"]
[WhiteTitle "IM"]
[WhiteElo "2335"]
[BlackElo "2128"]
[WhiteFideId "2300982"]
[BlackFideId "1752103"]
[EventDate "2026.03.25"]

1. d4 d5 2. c4 e6 3. Nc3 Bb4 4. Nf3 Ne7 5. cxd5 exd5 6. Bf4 O-O 7. Rc1 c6 8. e3
Bd6 9. Bg3 Bf5 10. Nh4 h6 11. Nxf5 Nxf5 12. Bd3 Nxg3 13. hxg3 Nd7 14. Qf3 Qf6
15. Qg4 Rad8 16. Ke2 Rfe8 17. Rh5 Bf8 18. Qf5 Qxf5 19. Bxf5 g6 20. Bxd7 Rxd7 21.
Rhh1 h5 22. Kd3 b6 23. Na4 Rc8 24. Rc2 c5 25. b3 f5 26. Rhc1 Rdc7 27. dxc5 bxc5
28. Ke2 Kf7 29. Nb2 Ke6 30. Rd1 Bg7 31. Nd3 Be5 32. Rcd2 Rd8 33. Kf3 g5 34. b4
cxb4 35. Nxb4 Rc5 36. Nd3 Rc4 37. Ke2 Bf6 38. f3 Rb8 39. Rh1 Rh8 40. Rb1 Rhc8
41. Rb5 Rc2 42. Kd1 Rxd2+ 43. Kxd2 Rc4 44. Rb7 a5 45. Rb6+ Ke7 46. Rb5 Ra4 47.
Nc1 Ke6 48. Rb6+ Ke7 49. Kc2 Rc4+ 50. Kb1 a4 51. Ne2 a3 52. Rb3 Bb2 53. Rd3 Ke6
54. Rd1 Bf6 55. Nc1 Rc3 56. Rd3 Kd6 57. Rxc3 Bxc3 58. Kc2 Be1 59. Ne2 Ke5 60.
Kd3 Kf6 61. Kc2 Bb4 62. Kd1 Bc5 63. Kd2 Bb4+ 64. Kc2 Ke5 65. Kd3 Be1 66. f4+
gxf4 67. gxf4+ Ke6 68. Nd4+ Kf6 69. Nc2 Ba5 70. Nxa3 Ke6 71. Nc2 h4 72. Nd4+ Kf6
73. a4 Bc7 74. Nb3 Ke6 75. a5 Kd6 76. a6 Kc6 77. Nd4+ Kb6 78. Nxf5 Kxa6 79. Kd4
Kb7 80. Kxd5 1-0

[Event "Reykjavik Open 2026"]
[Site "Reykjavik ISL"]
[Date "2026.03.30"]
[Round "8.46"]
[White "Wang, Qibiao"]
[Black "Harish, Neeraj"]
[Result "1-0"]
[BlackTitle "CM"]
[WhiteElo "2332"]
[BlackElo "2121"]
[WhiteFideId "8604282"]
[BlackFideId "30958130"]
[EventDate "2026.03.25"]

1. e4 c5 2. Nf3 Nc6 3. Bb5 e6 4. Bxc6 bxc6 5. b3 f6 6. O-O Nh6 7. d4 Nf7 8. Ba3
cxd4 9. Bxf8 Kxf8 10. Qxd4 e5 11. Qd3 d5 12. Nc3 Be6 13. Rfd1 d4 14. Na4 Qe7 15.
c3 c5 16. Rdc1 g6 17. cxd4 cxd4 18. Qa6 Kg7 19. Nc5 Bg4 20. Ne1 Rhc8 21. Ned3
Nd6 22. f3 Bd7 23. a4 Be8 24. Ra2 Rab8 25. Rac2 Bf7 26. Qa5 h5 27. b4 Kh6 28. b5
Rc7 29. Nb4 Nc4 30. Rxc4 Bxc4 31. Nca6 Rbc8 32. Nxc7 Rxc7 33. Nd5 Qa3 34. Qd2+
g5 35. Nxc7 1-0

[Event "Reykjavik Open 2026"]
[Site "Reykjavik ISL"]
[Date "2026.03.30"]
[Round "8.47"]
[White "Brzezina, Piotr"]
[Black "Schmid, Bernhard"]
[Result "1-0"]
[WhiteTitle "FM"]
[WhiteElo "2328"]
[BlackElo "2015"]
[WhiteFideId "21078874"]
[BlackFideId "12915467"]
[EventDate "2026.03.25"]

1. e4 e5 2. Nf3 Nc6 3. Bc4 Nf6 4. d3 d5 5. exd5 Nxd5 6. O-O Bc5 7. Re1 O-O 8.
Nxe5 Nxe5 9. Rxe5 Bxf2+ 10. Kxf2 Qh4+ 11. Kf1 Qf6+ 12. Qf3 Qxe5 13. Bxd5 c6 14.
Bb3 a5 15. Nc3 Qxh2 16. a4 Qh1+ 17. Kf2 Be6 18. Rb1 Qh4+ 19. Kg1 Bxb3 20. cxb3
Qe1+ 21. Qf1 Qxf1+ 22. Kxf1 Rad8 23. Ke2 Rfe8+ 24. Be3 Rd6 25. Rf1 b5 26. axb5
cxb5 27. Kd2 b4 28. Na4 Rc6 29. Bc5 Re5 30. d4 Rg5 31. Kd3 Rxg2 32. d5 Rc8 33.
d6 Rd8 34. Rd1 h5 35. Ke4 f5+ 36. Kf3 Rg6 37. d7 1-0

[Event "Reykjavik Open 2026"]
[Site "Reykjavik ISL"]
[Date "2026.03.30"]
[Round "8.48"]
[White "Krishay Jain"]
[Black "Roubalik, Jakub"]
[Result "1-0"]
[BlackTitle "IM"]
[WhiteElo "2097"]
[BlackElo "2316"]
[WhiteFideId "25129597"]
[BlackFideId "322237"]
[EventDate "2026.03.25"]

1. e4 c5 2. Nf3 e6 3. d4 cxd4 4. Nxd4 a6 5. Bd3 Qc7 6. O-O Nf6 7. Qe2 d6 8. c4
Nbd7 9. Nc3 Be7 10. f4 h5 11. h3 b6 12. b4 Bb7 13. Bb2 h4 14. Rae1 Nh5 15. Nd5
Qd8 16. Nxe6 fxe6 17. Qg4 Ndf6 18. Bxf6 Nxf6 19. Qxg7 Rf8 20. Nxf6+ Bxf6 21.
Qxb7 Bd4+ 22. Kh1 Rb8 23. Qxa6 Qd7 24. e5 Bc3 25. Bg6+ Ke7 26. Rd1 Bxb4 27. Rf3
Bc5 28. exd6+ Kf6 29. Be4 Rfd8 30. Rfd3 1-0

[Event "Reykjavik Open 2026"]
[Site "Reykjavik ISL"]
[Date "2026.03.30"]
[Round "8.49"]
[White "Liu, Bei"]
[Black "Kejna, Piotr"]
[Result "1-0"]
[BlackTitle "FM"]
[WhiteElo "1963"]
[BlackElo "2310"]
[WhiteFideId "8603596"]
[BlackFideId "21821704"]
[EventDate "2026.03.25"]

1. e4 e6 2. d4 d5 3. e5 c5 4. c3 Nc6 5. Nf3 Qb6 6. a3 c4 7. Nbd2 Na5 8. Rb1 Bd7
9. h4 h6 10. g3 Ne7 11. Bh3 O-O-O 12. O-O Kb8 13. Ne1 Nc8 14. Ng2 Be7 15. h5
Rdg8 16. Qc2 Qc7 17. Nf3 Nb6 18. Be3 Ba4 19. Qe2 Bb3 20. Nfh4 Qc6 21. Rbc1 Na4
22. Kh2 g5 23. hxg6 fxg6 24. Nf4 g5 25. Nhg6 Bd8 26. Bxe6 gxf4 27. Nxf4 Rg7 28.
Bxd5 Qe8 29. Nh5 Rd7 30. Bf3 Nb6 31. e6 Re7 32. d5 Nc8 33. Nf6 Qf8 34. Nd7+ Rxd7
35. exd7 Nb6 36. Bc5 Qg7 37. Bd4 Bf6 38. Qe8+ Kc7 39. Be5+ Bxe5 40. d8=Q# 1-0

[Event "Reykjavik Open 2026"]
[Site "Reykjavik ISL"]
[Date "2026.03.30"]
[Round "8.50"]
[White "Parsheh, Arshia"]
[Black "Kukelko, Alexey"]
[Result "0-1"]
[BlackTitle "FM"]
[WhiteElo "1712"]
[BlackElo "2304"]
[WhiteFideId "30967473"]
[BlackFideId "14153084"]
[EventDate "2026.03.25"]

1. d4 Nf6 2. c4 e6 3. Nf3 b6 4. g3 Ba6 5. b3 Bb4+ 6. Nbd2 Bc3 7. Rb1 Bb7 8. Bb2
Ne4 9. Rg1 Qf6 10. Bxc3 Nxc3 11. Qc2 Nxb1 12. Qxb1 c5 13. Ne4 Bxe4 14. Qxe4 Nc6
15. e3 O-O 16. h4 cxd4 17. exd4 d5 18. Qg4 dxc4 19. bxc4 Rad8 20. Bd3 Nxd4 21.
Ng5 h6 22. Qe4 g6 23. h5 Qxg5 24. f4 Qxh5 25. Rh1 Nf3+ 0-1

[Event "Reykjavik Open 2026"]
[Site "Reykjavik ISL"]
[Date "2026.03.30"]
[Round "8.62"]
[White "Omarsson, Adam"]
[Black "Wall, Tim P"]
[Result "1/2-1/2"]
[WhiteTitle "CM"]
[BlackTitle "FM"]
[WhiteElo "1961"]
[BlackElo "2189"]
[WhiteFideId "2311453"]
[BlackFideId "401641"]
[EventDate "2026.03.25"]

1. d4 Nf6 2. c4 e6 3. Nc3 Bb4 4. f3 Ba5 5. e4 d5 6. cxd5 exd5 7. e5 Nfd7 8. f4
c5 9. Nf3 Nc6 10. Be3 cxd4 11. Nxd4 O-O 12. Be2 Qh4+ 13. g3 Qh6 14. O-O Bxc3 15.
bxc3 Ndxe5 16. Nc2 Nc4 17. Qxd5 Nxe3 18. Nxe3 Bh3 19. Rfe1 Qf6 20. Qf3 Qxc3 21.
Rec1 Qd4 22. Rd1 Qb6 23. Rab1 Nd4 24. Qf2 Nxe2+ 25. Qxe2 Qe6 26. Rxb7 Rfe8 27.
Rb3 Rad8 28. Rxd8 Rxd8 29. Qf3 f5 30. Qh5 Bg4 31. Qg5 Rc8 32. Nxg4 fxg4 33. Qe5
Rc1+ 34. Kf2 Rc2+ 35. Ke1 Qxe5+ 36. fxe5 Rxa2 37. e6 Kf8 38. Rb8+ Ke7 39. Rb7+
Kxe6 40. Rxg7 h5 41. Rh7 Ra5 42. Rh6+ Kf7 43. Kf2 a6 44. Rb6 Ke7 45. Rh6 Kd7 46.
Rh7+ Kc6 47. Rh6+ Kc7 48. Rh7+ Kc6 49. Rh6+ Kc7 50. Rh7+ Kc6 1/2-1/2

[Event "Reykjavik Open 2026"]
[Site "Reykjavik ISL"]
[Date "2026.03.30"]
[Round "8.63"]
[White "Zhang, Jiabao"]
[Black "Dalhouse, Justin"]
[Result "1/2-1/2"]
[WhiteElo "2184"]
[BlackElo "1989"]
[WhiteFideId "8606560"]
[BlackFideId "30902894"]
[EventDate "2026.03.25"]

1. c4 Nf6 2. Nf3 g6 3. b3 Bg7 4. Bb2 O-O 5. g3 c5 6. Bg2 d6 7. O-O e5 8. d3 Nc6
9. Nbd2 Bd7 10. e3 Qc8 11. Re1 Nb4 12. Nf1 Bf5 13. e4 Bg4 14. Ne3 Nc6 15. Nxg4
Qxg4 16. Nh4 Qxd1 17. Raxd1 Bh6 18. f4 Nd4 19. Bc1 Nh5 20. f5 Bxc1 21. Rxc1 g5
22. Nf3 Nxf3+ 23. Bxf3 Nf6 24. a3 a5 1/2-1/2

[Event "Reykjavik Open 2026"]
[Site "Reykjavik ISL"]
[Date "2026.03.30"]
[Round "8.66"]
[White "Bech, Havard Eriksen"]
[Black "Homer, Stephen J"]
[Result "1-0"]
[WhiteElo "2161"]
[BlackElo "1979"]
[WhiteFideId "1564684"]
[BlackFideId "410322"]
[EventDate "2026.03.25"]

1. Nf3 d5 2. d4 Nf6 3. c4 dxc4 4. e3 e6 5. Bxc4 a6 6. O-O b5 7. Bd3 Bb7 8. a4 b4
9. Nbd2 Nbd7 10. a5 Be7 11. Nc4 O-O 12. b3 c5 13. Bb2 cxd4 14. Bxd4 Qb8 15. h3
Rd8 16. Qe2 Bc5 17. Bb2 Qa7 18. Rac1 Rac8 19. Rfd1 h6 20. Bb1 Qb8 21. Nfe5 Be7
22. Nxd7 Nxd7 23. Qg4 Nf6 24. Qe2 Rxd1+ 25. Rxd1 Rc5 26. e4 Qf4 27. Bc1 Qh4 28.
Be3 Rh5 29. Nd6 Bxd6 30. Rxd6 Nxe4 31. Rb6 Nc3 32. Qf3 Nxb1 33. Rxb7 Rf5 34. Qc6
Qh5 35. g4 Qg6 36. Qe8+ Kh7 37. Rb8 Qf6 38. Qh8+ Kg6 39. gxf5+ Kxf5 40. Qh7+ g6
41. Qxh6 Ke4 42. Rxb4+ 1-0

[Event "Reykjavik Open 2026"]
[Site "Reykjavik ISL"]
[Date "2026.03.30"]
[Round "8.69"]
[White "Decosse, Jean-Fabien"]
[Black "Vedant Nayudu"]
[Result "*"]
[WhiteTitle "CM"]
[WhiteElo "2133"]
[BlackElo "1975"]
[WhiteFideId "622583"]
[BlackFideId "33369780"]
[EventDate "2026.03.25"]

1. d4 d5 2. c4 e6 3. Nc3 Nf6 4. cxd5 exd5 5. Bg5 c6 6. e3 h6 7. Bh4 Be7 8. Bd3
O-O 9. Qc2 Ne8 10. Bxe7 Qxe7 11. Nf3 Nd6 12. O-O Nd7 13. Rab1 Nb6 14. Ne5 Nbc4
15. Bxc4 Nxc4 16. Nxc4 dxc4 17. Ne2 b5 18. b3 g6 19. e4 Re8 20. f3 Be6 21. Nf4
cxb3 22. axb3 Qd6 23. Nxe6 Rxe6 24. Rfd1 a5 25. d5 cxd5 26. Rxd5 Qb6+ 27. Kh1
Rd6 28. Qd2 Rxd5 29. exd5 h5 30. d6 Rd8 31. d7 Qc7 32. Rd1 a4 33. bxa4 bxa4 34.
h3 a3 35. Qe2 a2 36. Qxa2 Rxd7 37. Re1 Re7 38. Rb1 Re8 39. Qd5 Qc6 40. Kh2 Qc3
41. Kh1 Qc6 42. Kh2 *

[Event "Reykjavik Open 2026"]
[Site "Reykjavik ISL"]
[Date "2026.03.30"]
[Round "8.70"]
[White "Schuurmans, Arjan"]
[Black "Bartczak, Korneliusz"]
[Result "*"]
[WhiteElo "1913"]
[BlackElo "2120"]
[WhiteFideId "1084763"]
[BlackFideId "2523558"]
[EventDate "2026.03.25"]

1. e4 c6 2. d4 d5 3. exd5 cxd5 4. Bd3 Nc6 5. c3 Nf6 6. Bf4 Bg4 7. Qb3 Qd7 8. Nd2
e6 9. Ngf3 Bd6 10. Bxd6 Qxd6 11. O-O O-O 12. Rae1 Bxf3 13. Nxf3 Nd7 14. Qc2 g6
15. Qd2 Kg7 16. Qe3 Rab8 17. Ne5 Ncxe5 18. dxe5 Qc5 19. f4 b5 20. Rf3 a5 21. Rg3
b4 22. c4 dxc4 23. Qxc5 Nxc5 24. Bxc4 Rfd8 25. Rf3 Rd2 26. Rf2 Rbd8 27. Bb5 R8d4
28. g3 h5 29. Kf1 h4 30. Rxd2 Rxd2 31. Re2 Rd4 32. Kf2 hxg3+ 33. hxg3 Rd5 34.
Ke3 Nd7 35. Bxd7 Rxd7 36. Rc2 Rd1 37. b3 Rd5 38. Rc8 g5 39. Rc7 Kg6 40. Ke2 gxf4
41. gxf4 f6 42. exf6 Kxf6 43. Ke3 Rh5 44. Ra7 Rh3+ 45. Ke4 Rh5 46. Ra6 Rd5 47.
Ra7 *

[Event "Reykjavik Open 2026"]
[Site "Reykjavik ISL"]
[Date "2026.03.30"]
[Round "8.111"]
[White "McCallum, Elliot"]
[Black "Mehta, Hursh"]
[Result "1/2-1/2"]
[WhiteElo "1812"]
[BlackElo "2000"]
[WhiteFideId "2645718"]
[BlackFideId "30961157"]
[EventDate "2026.03.25"]

1. e4 c5 2. Nf3 g6 3. Bc4 Bg7 4. c3 e6 5. Bb3 d5 6. exd5 exd5 7. d4 Qe7+ 8. Be3
c4 9. Bc2 a6 10. O-O Nf6 11. a4 Ra7 12. Re1 O-O 13. a5 Qc7 14. b3 cxb3 15. Bxb3
Nc6 16. c4 dxc4 17. Bxc4 Nxa5 18. Ba2 Nc4 19. Qc1 b5 20. Bf4 Qc6 21. Nbd2 Be6
22. Nxc4 bxc4 23. Ne5 Qa8 24. Nxc4 Rc8 25. Rxe6 fxe6 26. Qe1 Nd5 27. Qxe6+ Kh8
28. Nd6 Nxf4 29. Qxc8+ Qxc8 30. Nxc8 Rc7 31. Nd6 Bxd4 32. Rf1 Nd3 33. Ne4 Re7
34. Bb1 Nb4 35. Rd1 Be5 36. g3 a5 37. Rd8+ Kg7 38. Ra8 Bc7 39. Kg2 Bb6 40. Rb8
Bd4 41. Rd8 Ba7 42. Nc3 Rc7 43. Ra8 Rf7 44. f4 Rd7 45. Kh3 Bg1 46. Rxa5 Rd2 47.
Kg4 Bd4 48. Nd5 Nc6 49. Rb5 Rxh2 50. Rb7+ Kg8 51. Rc7 Na5 52. Ne7+ Kf8 53. Nc6
Nxc6 54. Rxc6 Rb2 55. Bd3 Rb3 56. Bc4 Rc3 57. Rc8+ Kg7 58. Be6 Ra3 59. Rc7+ Kf6
60. Bd5 h5+ 61. Kh4 Kf5 62. Kh3 g5 63. Rf7+ Bf6 64. fxg5 Kxg5 65. Rf8 h4 66.
Rg8+ Kf5 67. Kg2 Rd3 68. Bb7 Rd2+ 69. Kh3 Rd3 70. Kg2 Rd2+ 71. Kh3 1/2-1/2

[Event "Reykjavik Open 2026"]
[Site "Reykjavik ISL"]
[Date "2026.03.30"]
[Round "8.164"]
[White "Klasinc, Kristjan"]
[Black "Hagestad, Iver Dagsonn"]
[Result "1/2-1/2"]
[WhiteElo "1853"]
[BlackElo "1666"]
[WhiteFideId "12966460"]
[BlackFideId "1592335"]
[EventDate "2026.03.25"]

1. f4 Nf6 2. Nf3 d5 3. g3 e6 4. Bg2 b5 5. O-O Bb7 6. c3 c5 7. d3 Be7 8. h3 O-O
9. Kh2 Qc7 10. Nbd2 Nbd7 11. Qe1 Rfe8 12. e4 dxe4 13. Nxe4 e5 14. Nxe5 Nxe5 15.
fxe5 Nxe4 16. Bxe4 Rad8 17. Bf4 Bxe4 18. Qxe4 Qb6 19. Rad1 Qe6 20. b3 Rd7 21. d4
Red8 22. Be3 f6 23. Rde1 cxd4 24. Bxd4 fxe5 25. Qxe5 Qxe5 26. Rxe5 Bf6 27. Rxf6
gxf6 28. Rxb5 Re8 29. a4 Re2+ 30. Kg1 Ra2 31. Rf5 Re7 32. Rf2 Rxf2 33. Kxf2 Kf7
34. Kf3 Kg6 35. a5 a6 36. b4 f5 37. g4 Re6 38. gxf5+ Kxf5 39. Be3 Re4 40. Ke2
Ke5 41. Kd2 Kd5 42. Bg5 1/2-1/2